| 000 | 00863cam a22002657a 4500 | ||
|---|---|---|---|
| 001 | 15367722 | ||
| 005 | 20131203093802.0 | ||
| 008 | 080715t2007 xxua fr 001 0 eng d | ||
| 010 | _a 2008298047 | ||
| 020 | _a0470052635 (pbk.) | ||
| 020 | _a9780470052631 (pbk.) | ||
| 040 |
_aSISPL _cSISPL _dYDXCP _dBAKER _dIXA _dBTCTA _dDLC |
||
| 050 | 0 | 0 |
_aTK7885.7 _b.V34 2007 |
| 082 | 0 | 4 |
_a621.392 _222 _bVAH |
| 100 | 1 |
_aVahid, Frank. _934514 |
|
| 245 | 1 | 0 |
_aVHDL for digital design / _cFrank Vahid, Roman Lysecky. |
| 260 |
_aHoboken, United states. : _bJohn Wiley & sons, Inc., _cc.2007. |
||
| 300 |
_axvi, 166 p. : _bill. ; _c24 cm. |
||
| 500 | _aIncludes index. | ||
| 650 | 0 |
_aVHDL (Computer hardware description language) _934515 |
|
| 653 |
_bEle _cDecember2013 |
||
| 655 |
_vtext book _933728 |
||
| 700 | 1 |
_aLysecky, Roman. _934516 |
|
| 942 |
_2ddc _cBB _k621.392 VAH |
||
| 999 |
_c17774 _d17746 |
||